Normal view MARC view

Entry Corporate Name

Number of records used in: 0

001 - CONTROL NUMBER

  • control field: 1554591

003 - CONTROL NUMBER IDENTIFIER

  • control field: NLI

005 - DATE AND TIME OF LATEST TRANSACTION

  • control field: 20240812153605.0

008 - FIXED-LENGTH DATA ELEMENTS

  • fixed length control field: 240812|| aca||aabn | a|a d

040 ## - CATALOGING SOURCE

  • Original cataloging agency: NLI
  • Transcribing agency: NLI

110 ## - HEADING--CORPORATE NAME

  • Corporate name or jurisdiction name as entry element: Hindustan College of Arts & Science .
  • Subordinate unit: Department of Social Work

670 ## - SOURCE DATA FOUND

  • Source citation: Work cat.: (NLI)1496695: State Level Conference on Social Development and Equity in Society (2016 : Chennai, India) 1554585, State level Conference on "Social Development and Equity in Society" :, 2016.
                                                                           
web counter

Copyright ©2020 The National Library of India, Govt. of India ↔ Hosted by NVLI, MOC ↔ Technology and Design by National Library of India, Ministry of Culture, Govt. of India